Riadenie znalostí pre získanie konkurenčnej výhody
Príspevok posudzuje význam riadenia znalostí v podniku (na základe rôznych prieskumov) a zisťuje, ako znalostný manažment môže zabezpečiť trvalé konkurenčné výhody podniku.
Gespeichert in:
| 1. Verfasser: | |
|---|---|
| Format: | Buchkapitel |
| Sprache: | Slowakisch |
| Schlagworte: | |
| Tags: |
Keine Tags, Fügen Sie das erste Tag hinzu!
|
MARC
| LEADER | 00000nla a2200000 4500 | ||
|---|---|---|---|
| 001 | 0179040 | ||
| 005 | 20221020085046.2 | ||
| 041 | 0 | |a slo | |
| 044 | |a CZ | ||
| 245 | 1 | 0 | |a Riadenie znalostí pre získanie konkurenčnej výhody |c Ľubica Štefániková |
| 520 | |a Príspevok posudzuje význam riadenia znalostí v podniku (na základe rôznych prieskumov) a zisťuje, ako znalostný manažment môže zabezpečiť trvalé konkurenčné výhody podniku. | ||
| 610 | 2 | 0 | |a informácie |
| 610 | 2 | 0 | |a vedomosti |
| 610 | 2 | 0 | |a riadenie znalostí |
| 610 | 2 | 0 | |a podnik |
| 610 | 2 | 0 | |a výhody konkurenčné |
| 100 | 1 | |a Štefániková, Ľubica | |